00629nam a2200229Ia 4500020001800000082001400018100002200032245004700054250000800101260003300109300001600142440003900158504001900197650002400216650002200240650002400262650002700286650001600313650002400329700002500353700002100378 a0-321-08904-9 a382 CAV-W aCaves, Richard E. 0aWorld trade and payments : an introduction a9th aBostonbAddison Wesleyc2002 axiii, 634p. aAddison-Wesley Series in Economics aIncludes index aIncome distribution aCommercial policy aInternational trade aDistribution of income aWorld Trade aBalance of payments aFrankle, Jeffrey A. aJones, Ronald W.